Score 0/55 Timer 10:00
0 Plays Today
% Correct
Batman Forever
85.3%
Batman and Robin
84.5%
Batman and Robin
83.7%
Batman
82.9%
The Dark Knight
82.9%
The Dark Knight
82.9%
The Dark Knight Rises
82.9%
The Lego Batman Movie
82.9%
The Lego Batman Movie
82.9%
Batman
82.2%
Batman Returns
82.2%
Batman
81.4%
The Dark Knight
81.4%
The Dark Knight Rises
81.4%
The Lego Batman Movie
81.4%
Batman
80.6%
Batman and Robin
80.6%
Batman and Robin
80.6%
Batman Begins
80.6%
Batman Begins
80.6%
Batman v Superman - Dawn of Justice
80.6%
Batman v Superman - Dawn of Justice
80.6%
The Lego Batman Movie
80.6%
Batman Returns
79.8%
Batman Returns
79.8%
Batman Forever
79.8%
Batman Begins
79.8%
The Dark Knight
79.8%
% Correct
The Dark Knight Rises
79.8%
The Dark Knight Rises
79.8%
Batman v Superman - Dawn of Justice
79.8%
The Lego Batman Movie
79.8%
Batman Returns
79.1%
Batman Forever
79.1%
Batman and Robin
79.1%
The Dark Knight Rises
79.1%
Batman
78.3%
Batman Forever
78.3%
Batman Forever
78.3%
Gotham
78.3%
Batman Begins
77.5%
Batman v Superman - Dawn of Justice
77.5%
Batman Returns
76.7%
Batman Begins
76.7%
Gotham
76.7%
Gotham
75.2%
Gotham
72.1%
Gotham
71.3%
Batman v Superman - Dawn of Justice
70.5%
The Dark Knight
69.8%
Batman The Movie
61.2%
Batman The Movie
59.7%
Batman The Movie
58.9%
Batman The Movie
58.1%
Batman The Movie
58.1%
Remove Ads.
Support Sporcle.
Get the best of Sporcle when you Go Orange. This ad-free experience offers more features, more stats, and more fun while also helping to support Sporcle. Thank you for becoming a member.

You're not logged in!

Compare scores with friends on all Sporcle quizzes.
OR
Log In

Show Comments

Extras

Top Quizzes Today


Score Distribution

Your Account Isn't Verified!

In order to create a playlist on Sporcle, you need to verify the email address you used during registration. Go to your Sporcle Settings to finish the process.

Report this User

Report this user for behavior that violates our Community Guidelines.

Details: